00342 2200145 4500245005400000250001100054100002400065650001600089650001700105005001900122260001800141041001400159084001400173336000900187 aCeritaku, PerjalanankucAdisty Cipta MahesahText aCet. 1 aAdisty Cipta Mahesa aKarya Siswa aAutobiografi a20250520135621 aJakartac2025 aIndonesia a081 ADI c atext